000 00632nai a2200181Ia 4500
003 IN-BaIIA
008 211028c9999 xx s 000 0 eng d
022 _a2475-742X (Print)
040 _cIIA Library
245 0 _aCPSS Transactions on Power Electronics and Applications
_h[eJournal]
260 _aUSA
_bCPSS
310 _aQuarterly
362 _a1(1); 2016 - Present
521 _bSubscribed through National Knowledge Resource Consortium (NKRC)
650 _aPower, Energy and Industry Applications
_948808
856 _uhttps://ieeexplore.ieee.org/servlet/opac?punumber=7873541
_yClick Here to Access eJournal
942 _cEJ
999 _c34247
_d34247